All Olympic Nations and Teams Ever - Statistics

General Stats
  • This quiz has been taken 124 times
  • The average score is 167 of 231
Answer Stats
Code Nation / Team % Correct
ALB Albania
97%
ALG Algeria
97%
AFG Afghanistan
95%
AND Andorra
95%
ARG Argentina
95%
AUT Austria
95%
AZE Azerbaijan
95%
BRA Brazil
95%
GBR Great Britain
95%
AUS Australia
93%
FRA France
93%
GER Germany
93%
ARM Armenia
92%
BEL Belgium
92%
CAN Canada
92%
CHN China
92%
CUB Cuba
92%
ANG Angola
90%
BLR Belarus
90%
COL Colombia
90%
CZE Czechia
90%
DEN Denmark
90%
EGY Egypt
90%
HUN Hungary
90%
BRU Brunei
88%
BUL Bulgaria
88%
CRO Croatia
88%
FIN Finland
88%
GHA Ghana
88%
IND India
88%
IRQ Iraq
88%
JAP Japan
88%
ERI Eritrea
87%
ETH Ethiopia
87%
GAM Gambia
87%
IRL Ireland
87%
JAM Jamaica
87%
ANT Antigua and Barbuda
85%
BAH Bahamas
85%
BRN Bahrain
85%
BDI Burundi
85%
CMR Cameroon
85%
CYP Cyprus
85%
DOM Dominican Republic
85%
ECU Ecuador
85%
FIJ Fiji
85%
GEO Georgia
85%
GUA Guatemala
85%
ISL Iceland
85%
INA Indonesia
85%
IRI Iran
85%
KEN Kenya
85%
RUS Russia
85%
BHU Bhutan
83%
BOL Bolivia
83%
CAM Cambodia
83%
CHI Chile
83%
TPE Chinese Taipei
83%
EST Estonia
83%
SWZ Eswatini
83%
GUI Guinea
83%
HAI Haiti
83%
HON Honduras
83%
ISR Israel
83%
ITA Italy
83%
KAZ Kazakhstan
83%
MEX Mexico
83%
POL Poland
83%
USA United States
83%
BAN Bangladesh
82%
BOT Botswana
82%
DJI Djibouti
82%
GAB Gabon
82%
GRE Greece
82%
GRN Grenada
82%
GUY Guyana
82%
JOR Jordan
82%
LAT Latvia
82%
LUX Luxembourg
82%
POR Portugal
82%
KOR South Korea
82%
ARU Aruba
80%
BAR Barbados
80%
BIH Bosnia and Herzegovina
80%
COM Comoros
80%
COD Democratic Republic of the Congo
80%
DMA Dominica
80%
HKG Hong Kong
80%
KOS Kosovo
80%
LIE Liechtenstein
80%
LTU Lithuania
80%
MGL Mongolia
80%
NZL New Zealand
80%
NOR Norway
80%
TUR Turkey
80%
GBS Guinea-Bissau
78%
KUW Kuwait
78%
LES Lesotho
78%
MAW Malawi
78%
MDV Maldives
78%
MLT Malta
78%
NIG Niger
78%
NGR Nigeria
78%
CGO Republic of the Congo
78%
URS Soviet Union
78%
ESP Spain
78%
BIZ Belize
77%
BEN Benin
77%
CPV Cape Verde
77%
CRC Costa Rica
77%
GDR East Germany
77%
KIR Kiribati
77%
KGZ Kyrgyzstan
77%
LAO Laos
77%
LBA Libya
77%
MDA Moldova
77%
MNE Montenegro
77%
MYA Myanmar
77%
NED Netherlands
77%
PRK North Korea
77%
OMA Oman
77%
PER Peru
77%
PHI Philippines
77%
RWA Rwanda
77%
SVK Slovakia
77%
SWE Sweden
77%
TJK Tajikistan
77%
YUG Yugoslavia
77%
GEQ Equatorial Guinea
75%
LBR Liberia
75%
MAD Madagascar
75%
MLI Mali
75%
MOZ Mozambique
75%
NAM Namibia
75%
PAK Pakistan
75%
PAR Paraguay
75%
SUD Sudan
75%
ZAM Zambia
75%
ASA American Samoa
73%
TCH Czechoslovakia
73%
PAN Panama
73%
ROU Romania
73%
SLO Slovenia
73%
SSD South Sudan
73%
SUI Switzerland
73%
THA Thailand
73%
UKR Ukraine
73%
URU Uruguay
73%
UZB Uzbekistan
73%
FRG West Germany
73%
ZIM Zimbabwe
73%
CHA Chad
72%
CIV Côte d'Ivoire
72%
MON Monaco
72%
NCA Nicaragua
72%
MKD North Macedonia
72%
QAT Qatar
72%
SEN Senegal
72%
SRB Serbia
72%
SUR Suriname
72%
TOG Togo
72%
VIE Vietnam
72%
CAF Central African Republic
70%
MAS Malaysia
70%
SOM Somalia
70%
RSA South Africa
70%
SRI Sri Lanka
70%
SYR Syria
70%
TAN Tanzania
70%
TUN Tunisia
70%
UGA Uganda
70%
UAE United Arab Emirates
70%
VEN Venezuela
70%
YEM Yemen
70%
GUM Guam
68%
MRI Mauritius
68%
FSM Micronesia
68%
PLW Palau
68%
KSA Saudi Arabia
68%
BER Bermuda
67%
ESA El Salvador
67%
PNG Papua New Guinea
67%
SEY Seychelles
67%
TUV Tuvalu
67%
SAM Samoa
65%
SMR San Marino
65%
TKM Turkmenistan
65%
BUR Burkina Faso
63%
TLS East Timor
63%
MTN Mauritania
63%
MAR Morocco
63%
NRU Nauru
63%
LIB Lebanon
62%
VIN Saint Vincent and the Grenadines
62%
CAY Cayman Islands
60%
LCA Saint Lucia
60%
TGA Tonga
60%
VAN Vanuatu
60%
COK Cook Islands
58%
SKN Saint Kitts and Nevis
58%
SGP Singapore
58%
SOL Solomon Islands
58%
PLE Palestine
55%
COR Korea
53%
PUR Puerto Rico
53%
TTO Trinidad and Tobago
53%
SLE Sierra Leone
52%
MHL Marshall Islands
50%
STP São Tomé and Príncipe
45%
ISV Virgin Islands
45%
IVB British Virgin Islands
43%
ROT Refugee Olympic Team
40%
SCG Serbia and Montenegro
40%
ANZ Australasia
33%
BOH Bohemia
28%
YMD North Yemen
25%
BWI British West Indies
23%
YAR South Yemen
23%
EUN Unified Team
23%
OAR Olympic Athletes from Russia
18%
ROC Republic of China
18%
IOA Independent Olympic Athletes
15%
AHO Netherlands Antilles
15%
MAL Malaya
13%
ROC Russian Olympic Comittee
13%
ZZX Mixed Team
12%
RU1 Russian Empire
12%
NBO North Borneo
10%
SAA Saar
10%
IOP Independent Olympic Participants
8%
EUA Unified Team of Germany
3%
No matching quizzes found
Score Distribution
Percent of People with Each Score
Percentile by Number Answered
Your Score History
You have not taken this quiz